Mortdecai's endgame

Guardado en:
Detalles Bibliográficos
Autor principal: Bonfiglioli, Kyril
Formato: Libro
Lenguaje:Undetermined
Publicado: New York Simon and Schuster 1972
Materias:
Etiquetas: Agregar Etiqueta
Sin Etiquetas, Sea el primero en etiquetar este registro!
Thư viện lưu trữ: Trung tâm Học liệu Trường Đại học Cần Thơ
LEADER 00500nam a2200193Ia 4500
001 CTU_43105
008 210402s9999 xx 000 0 und d
082 |a 813.54 
082 |b B713 
100 |a Bonfiglioli, Kyril 
245 0 |a Mortdecai's endgame 
245 0 |c Kyril Bonfiglioli 
260 |a New York 
260 |b Simon and Schuster 
260 |c 1972 
650 |a American literature 
650 |y 20th century 
904 |i Minh 
980 |a Trung tâm Học liệu Trường Đại học Cần Thơ